000 00835nam a2200265 a 4500
001 ASIN0745310311
005 20170105102856.0
008 130905s1995 xxu eng d
020 _a0745310311 (paperback)
020 _a9780745310312 (paperback)
040 _a0
050 0 4 _aJX1981.P7
082 0 4 _a341.5
100 1 _aFISAS, VICENC.
245 1 0 _aBlue geopolitics :
_bthe united nations reform and the future of the blue helmets /
_cVICENC FISAS.
260 _a[S.l.] :
_bPLUTO PRESS,
_c1995.
300 _a1 v. (unpaged) ;
_c22 cm.
650 0 _aAdministrative agencies--Reorganization
650 0 _aArmed Forces
650 0 _aPeace
650 0 _aSecurity, International
650 0 _aUnited Nations
856 4 0 _3Amazon.com
_uhttp://www.amazon.com/exec/obidos/ASIN/0745310311/chopaconline-20
942 _2ddc
_cBK
999 _c14515
_d14515